Catalog

Record Details

Catalog Search



Dead to the world  Cover Image Book Book

Dead to the world / Charlaine Harris.

Harris, Charlaine. (Author).

Summary:

Sookie Stackhouse, a waitress with a talent for reading minds, comes to the aid of Eric, a sexy vampire with amnesia, as she tries to save him from whoever took his memory and who now wants his life.

Record details

  • ISBN: 9780441011674
  • ISBN: 0441011675
  • ISBN: 9780441012183
  • ISBN: 0441012183
  • Physical Description: 291 pages ; 22 cm.
  • Edition: First edition.
  • Publisher: New York : Ace Books, ©2004.
Subject: Vampires > Fiction.
Telepathy > Fiction.
Waitresses > Fiction.
City and town life > Fiction.
Horror tales.
Paranormal fiction.
Louisiana > Fiction.

Available copies

  • 1 of 1 copy available at scottsboropl.

Holds

  • 0 current holds with 1 total copy.
Show Only Available Copies
Location Call Number / Copy Notes Barcode Shelving Location Status Due Date
scottsboropl F Har 32269000841646 Adult - Fiction Available -

LDR 01829cam a2200457 a 4500
001119780
003CONS
00520200727141105.0
008031030s2004 nyu 000 1 eng
010 . ‡a 2003063593
020 . ‡a9780441011674
020 . ‡a0441011675
020 . ‡a9780441012183 ‡q(paperback)
020 . ‡a0441012183 ‡q(paperback)
035 . ‡a(CPomAG)LMN392209
043 . ‡an-us-la
05000. ‡aPS3558.A6427 ‡bD435 2004
08200. ‡a813/.54 ‡222
1001 . ‡aHarris, Charlaine.
24510. ‡aDead to the world / ‡cCharlaine Harris.
250 . ‡aFirst edition.
260 . ‡aNew York : ‡bAce Books, ‡c©2004.
300 . ‡a291 pages ; ‡c22 cm.
336 . ‡atext ‡btxt ‡2rdacontent
337 . ‡aunmediated ‡bn ‡2rdamedia
338 . ‡avolume ‡bnc ‡2rdacarrier
4901 . ‡aSouthern vampire mysteries/Sookie Stackhouse ; ‡v4
520 . ‡aSookie Stackhouse, a waitress with a talent for reading minds, comes to the aid of Eric, a sexy vampire with amnesia, as she tries to save him from whoever took his memory and who now wants his life.
650 0. ‡aVampires ‡vFiction.
650 0. ‡aTelepathy ‡vFiction.
650 0. ‡aWaitresses ‡vFiction.
650 0. ‡aCity and town life ‡vFiction.
650 0. ‡aHorror tales.
650 0. ‡aParanormal fiction.
651 0. ‡aLouisiana ‡vFiction.
830 0. ‡aSouthern vampire mysteries/Sookie Stackhouse. ‡v4.
85642. ‡3Contributor biographical information ‡uhttp://catdir.loc.gov/catdir/enhancements/fy0718/2003063593-b.html ‡zContributor biographical information
85642. ‡3Publisher description ‡uhttp://catdir.loc.gov/catdir/enhancements/fy0718/2003063593-d.html ‡zPublisher description
914 . ‡dNAC_cp
959 . ‡i32269000841646 ‡lF Har ‡aAdult - Fiction ‡tFiction ‡g20.00
852 . ‡p32269000841646 ‡jF Har ‡gAdult - Fiction ‡cFiction ‡y20.00 ‡bSBPL
901 . ‡a119780 ‡bUnknown ‡c119780 ‡tbiblio

Additional Resources